Τεχνολογία υδατικών πόρων
Saved in:
| Main Author: | |
|---|---|
| Format: | Book |
| Language: | Greek |
| Published: |
Αθήνα :
Παπασωτηρίου,
1994
|
| Subjects: | |
| Tags: |
Add Tag
No Tags, Be the first to tag this record!
|
MARC
| LEADER | 00000nam a2200000 i 4500 | ||
|---|---|---|---|
| 001 | 1/12556 | ||
| 008 | 001006s1994 gre d | ||
| 020 | |a 960-7510-04-6 | ||
| 035 | |l 10064253 | ||
| 040 | |a GR-MY-UA |b gre |e aacr | ||
| 041 | 0 | |a gre | |
| 082 | 0 | |a 627 | |
| 100 | 1 | |a Μιμίκου, Μαρία. | |
| 245 | 1 | 0 | |a Τεχνολογία υδατικών πόρων / |c Μαρία Α. Μιμίκου |
| 260 | |a Αθήνα : |b Παπασωτηρίου, |c 1994 | ||
| 300 | |a 564 σ. |b σχ. | ||
| 650 | 0 | 0 | |a Hydraulic engineering. |
| 650 | 0 | 0 | |a Hydraulics. |
| 650 | 0 | 0 | |a Watershed management. |
| 852 | |a INST |b LESVOS |e 20001006 |h 627 ΜΙΜ |p 005100029416 |q 005100029416 |t BK |y 0 | ||
| 901 | |a BIBL1-2000-3 | ||
| 909 | |a Λ |b 080980 | ||
| 922 | |a 1ΕΛΗ |b 200009 |c ΤΑΚ/ΤΠ |d ΠΑΠΑΣΩΤΗΡΙΟΥ | ||
| 950 | |a 107-2000-07-26 | ||
| 970 | |a ΤΖΑΦΕΡΗ |b ΕΥΑΓΓΕΛΙΑ |z 2000/12/19 | ||